| 000 | 01289nam a2200397 i 4500 | ||
|---|---|---|---|
| 001 | 988 | ||
| 003 | KOSZ 005 | ||
| 005 | 20200817125733.0 | ||
| 008 | 020718s1977 pl a f f |001 0 pol | ||
| 015 | _aPB 1978/1225 | ||
| 040 |
_aWA N _cWA N _dKOSZ 005/HR |
||
| 046 | _k1977 | ||
| 080 | _a532 | ||
| 080 | _a539.3/.6 | ||
| 080 | _a(075.8) | ||
| 100 | 1 |
_aŚredniawa, Bronisław _d(1917-2014) _eAutor |
|
| 245 | 1 | 0 |
_aHydrodynamika i teoria sprężystości / _cBronisław Średniawa. |
| 260 |
_aWarszawa : _bPaństwowe Wydaw. Naukowe, _c1977. |
||
| 300 |
_a412 s. : _bil., tab., wykr. ; _c25 cm. |
||
| 336 |
_2rdacontent _aTekst _btxt |
||
| 337 |
_2rdamedia _aBez urządzenia pośredniczącego _bn |
||
| 338 |
_2rdacarrier _aWolumin _bnc |
||
| 380 | _aKsiążki | ||
| 380 | _aPublikacje dydaktyczne | ||
| 385 |
_mPoziom nauczania _aSzkoły wyższe |
||
| 388 | _a1901-2000 | ||
| 388 | _a1945-1989 | ||
| 504 | _aBibliogr. Indeks. | ||
| 650 | 4 | _aSprężystość | |
| 650 | 4 | _aHydrodynamika | |
| 655 | 4 | _aPodręczniki akademickie | |
| 658 | _aFizyka i astronomia | ||
| 710 | 2 |
_aPaństwowe Wydawnictwo Naukowe _4pbl |
|
| 856 |
_uhttp://koha.tu.koszalin.pl/cgi-bin/koha/opac-detail.pl?biblionumber=988 _yKatalog online BPK |
||
| 942 |
_2UKD _cKS |
||
| 999 |
_c988 _d988 |
||